000
00219 a2200097 4500
020
_a
9788434842113
041
_a
spa
100
_a
Bilioteca Interactiva mundo maravilloso
245
_a
Los teatros del mundo
942
_c
REF
999
_c
30409
_d
30407